00401nam a2200145 a 4500020001800000082001800018100001700036245003500053260004100088300001000129500003500139505003000174650003400204700001700238 a978185168121100a297.1226bESA aEsack, Farid aQuran Liberation and Pluralism aOxfordbOne World Publicationsc2006 a288p. aincludes index and biblioraphy2 aBibliography, Maps, Index aQuran and Liberation Theology1 aEsack, Farid